Sporting Clube de Portugal 24/25 Squad - Statistics

General Stats
  • This quiz has been taken 112 times
    26 since last reset
  • The average score is 21 of 37
Answer Stats
Hint Hint Answer % Correct
MF Japan Hidemasa Morita
100%
Manager Portugal Ruben Amorim
94%
MF Denmark Morten Hjulmand
89%
FWD Portugal Pedro Gonçalves
89%
DF Belgium Zeno Debast
89%
GR Uruguay Franco Israel
83%
DF Portugal Gonçalo Inacio
83%
DF / MF Spain Ivan Fresneda
83%
DF / MF Brazil Matheus Reis
83%
GR Portugal Rui Silva
83%
FWD Sweden Viktor Gyokeres
83%
FWD Denmark Conrad Harder
78%
FWD Portugal Francisco Trincao
78%
DF / MF Mozambique Geny Catamo
78%
DF Netherlands Jeremiah St. Juste
78%
DF / MF Uruguay Maxi Araujo
78%
DF Ivory Coast Ousmane Diomande
78%
Manager Portugal Rui Borges
78%
DF Portugal Eduardo Quaresma
72%
Manager Portugal Joao Pereira
72%
MF Portugal Daniel Bragança
61%
MF Portugal João Simões
61%
DF / MF Portugal Nuno Santos
61%
FWD England Marcus Edwards
56%
DF / MF Portugal Geovany Quenda
50%
DF / MF Portugal Ricardo Esgaio
44%
GR Bosnia and Herzegovina Vladan Kovačević
44%
MF Portugal Alexandre Brito
17%
MF Portugal Henrique Arreiol
6%
MF Portugal Mauro Couto
6%
FWD Portugal Afonso Moreira
0%
MF Portugal Dario Essugo
0%
MF Portugal Eduardo Felicíssmo
0%
FWD Brazil Gabriel Teixeira
0%
MF Brazil Kauã Oliveira
0%
FWD Portugal Lucas Anjos
0%
MF Portugal Mateus Fernandes
0%
No matching quizzes found
Score Distribution
Percent of People with Each Score
Percentile by Number Answered
Your Score History
You have not taken this quiz since the last reset